[Event "ISR-ch op"]
[Site "Ramat Aviv"]
[Date "1999.??.??"]
[Round "?"]
[White "Kraidman, Yair"]
[Black "Yudasin, Leonid"]
[Result "0-1"]
[WhiteElo "2350"]
[BlackElo "2549"]

1.d4 Nf6 2.c4 e6 3.Nf3 c5 4.d5 exd5 5.cxd5 d6 6.Nc3 g6 7.e4 a6 8.a4 Bg4 9.Be2 Bg7
10.Be3 O-O 11.O-O Nbd7 12.Re1 Re8 13.h3 Bxf3 14.Bxf3 Rc8 15.a5 c4 16.Ra4 Ne5
17.Be2 Nfd7 18.f4 Bh6 19.Bf1 Nd3 20.Bxd3 cxd3 21.Qxd3 Nc5 22.Bxc5 Rxc5 23.e5 Rxa5
24.Rae4 Qb6+ 25.Kh1 Qxb2 26.exd6 Rxe4 27.Nxe4 Ra1 28.Qf1 Rxe1 29.Qxe1 Bxf4
30.d7 Bc7 31.d6 Bd8 32.Nc3 Kg7 33.Kh2 Qb4 34.Qe5+ f6 35.Qg3 Qd4 36.Ne2 Qe5
37.Nf4 a5 38.h4 a4 39.h5 g5 40.Nd3 Qxg3+ 41.Kxg3 Kf7 42.Nc5 b6 43.Nxa4 Ke6
44.Kf3 f5 45.Nc3 Kxd6 46.g4 fxg4+ 47.Kxg4 Kxd7 48.Ne4 Ke6 49.h6 b5  0-1

[Event "Israeli League"]
[Site "Ramat Aviv ISR"]
[Date "2000.01.28"]
[Round "3"]
[White "Alterman,B"]
[Black "Yudasin,L"]
[Result "0-1"]
[WhiteElo "2561"]
[BlackElo "2568"]

1.d4 Nf6 2.c4 e6 3.Nc3 Bb4 4.Qc2 c5 5.dxc5 Qc7 6.Nf3 Bxc5 7.g3 Qb6 8.e3 Be7
9.b3 a6 10.Bb2 Qc7 11.Bg2 d6 12.O-O Nbd7 13.Ng5 Rb8 14.Nge4 O-O 15.Rfd1 Ne8
16.h4 h6 17.Rac1 b6 18.f4 Bb7 19.Qe2 f5 20.Nf2 Bxg2 21.Kxg2 b5 22.cxb5 axb5
23.e4 Qb7 24.Qf3 fxe4 25.Qxe4 Nef6 26.Qxb7 Rxb7 27.Re1 Kf7 28.Nd3 d5 29.Re2 Ra8
30.Rce1 Nc5 31.Nxc5 Bxc5 32.Rd1 d4 33.Nb1 Rxa2 34.Kf3 Rd7 35.Bc1 Rda7 36.Re5 Rc2
37.b4 Raa2 38.Rd2 Bxb4 39.Rxc2 Rxc2 40.Rxb5 Be1  0-1

[Event "Israeli League"]
[Site "Ramat Aviv ISR"]
[Date "2000.03.03"]
[Round "4"]
[White "Rabinovich,Al"]
[Black "Yudasin,L"]
[Result "1/2-1/2"]
[WhiteElo "2406"]
[BlackElo "2568"]

1.d4 Nf6 2.Bg5 Ne4 3.Bf4 c5 4.d5 Qb6 5.Bc1 d6 6.f3 Nf6 7.c4 g6 8.Nc3 Bg7
9.e4 O-O 10.Nge2 e6 11.Nf4 exd5 12.exd5 Nbd7 13.Be2 Ne5 14.O-O Bd7 15.a4 a6
16.g4 h6 17.Ng2 g5 18.h4 Nh7 19.hxg5 hxg5 20.Ne4 f5 21.Nxg5 Nxg5 22.Bxg5 Qxb2
23.Rb1 Qa2 24.Ra1 Qxa1 25.Qxa1 Nxf3+ 26.Bxf3 Bxa1 27.Rxa1 fxg4 28.Be2 Rae8
29.Bf1 Re4 30.a5 Rd4 31.Rb1 g3 32.Rxb7 Bh3 33.Rb1 Rf2 34.Ne3 Bxf1  1/2-1/2

[Event "Israeli League"]
[Site "Ramat Aviv ISR"]
[Date "2000.03.10"]
[Round "5"]
[White "Yudasin,L"]
[Black "Greenfeld,A"]
[Result "1/2-1/2"]
[WhiteElo "2568"]
[BlackElo "2563"]

1.e4 c5 2.Nf3 d6 3.Bc4 Nf6 4.d3 Nc6 5.O-O g6 6.c3 Bg7 7.Re1 O-O 8.Bb3 b5
9.a3 Bg4 10.h3 Bxf3 11.Qxf3 c4 12.dxc4 Na5 13.Ba2 bxc4 14.Nd2 Qc7 15.Qe2 Rfc8
16.e5 dxe5 17.Qxe5 e6 18.Rb1 Rab8 19.Nf3 Qxe5 20.Nxe5 Nd5 21.Re4 Nb3 22.Nxc4 f5
23.Rxe6 Rxc4 24.Bg5 h6 25.Rd1 Nc7 26.Bxb3 Rxb3 27.Rd8+ Kh7 28.Re7 hxg5 29.Rdd7 Ne6
30.Rxe6 Re4 31.Ra6 Re1+ 32.Kh2 Re8 33.Raxa7 Rg8 34.Rab7 Rxb7 35.Rxb7 Rd8
36.g3 f4 37.Kg2 Rd3 38.gxf4 gxf4 39.h4 Kh6 40.a4 Be5 41.a5 f3+ 42.Kh3 Rd2
43.Kg4 Rxf2 44.a6 Rf1 45.a7 f2 46.Kf3 Ra1 47.Kxf2 Bh2 48.Kg2 Bf4 49.Kf3 Bh2
50.Kg2 Bf4  1/2-1/2

[Event "Israeli League"]
[Site "Ramat Aviv ISR"]
[Date "2000.03.17"]
[Round "6"]
[White "Bykhovsky,Av"]
[Black "Yudasin,L"]
[Result "1/2-1/2"]
[WhiteElo "2467"]
[BlackElo "2568"]

1.d4 Nf6 2.c4 e6 3.Nc3 Bb4 4.Qc2 c5 5.dxc5 Qc7 6.Nf3 Bxc5 7.e3 Be7 8.b3 a6
9.Bb2 d5 10.Rc1 dxc4 11.Bxc4 Nbd7 12.a4 b6 13.O-O Bb7 14.h3 Bxf3 15.gxf3 O-O
16.f4 Rfc8 17.Rfd1 Qb8 18.Qe2 Qb7 19.Qf1 Nc5 20.Qg2 Kf8 21.Qxb7 Nxb7 22.Ne2 Na5
23.Bd3 Nxb3  1/2-1/2

[Event "Israeli League"]
[Site "Ramat Aviv ISR"]
[Date "2000.03.24"]
[Round "7"]
[White "Yudasin,L"]
[Black "Bruk,O"]
[Result "1/2-1/2"]
[WhiteElo "2568"]
[BlackElo "2398"]

1.e4 e6 2.d3 d5 3.Qe2 dxe4 4.dxe4 b6 5.Nd2 Ba6 6.Qf3 Bxf1 7.Nxf1 Nc6 8.Bd2 Qf6
9.O-O-O Qxf3 10.Nxf3 Nf6 11.Ng3 h5 12.Ng5 Ng4 13.Nh3 Bc5 14.Be1 Ke7 15.Ne2 Rhd8
16.Rxd8 Rxd8 17.Nef4 g6 18.Nd3 Bd4 19.Nhf4 Nce5 20.h3 Nxd3+ 21.Nxd3 Ne5 22.Nf4 Nc4
23.c3 Bg7 24.Ne2  1/2-1/2

[Event "Israeli League"]
[Site "Ramat Aviv ISR"]
[Date "2000.03.31"]
[Round "8"]
[White "Botvinnik,Il"]
[Black "Yudasin,L"]
[Result "0-1"]
[WhiteElo "2405"]
[BlackElo "2568"]

1.d4 Nf6 2.c4 e6 3.Nf3 a6 4.a3 b5 5.Nbd2 Be7 6.e4 bxc4 7.e5 Nd5 8.Nxc4 Nc6
9.Bd3 a5 10.Qc2 Ba6 11.O-O Qb8 12.b3 Qa7 13.Be3 g5 14.Rfd1 g4 15.Ne1 a4 16.Be4 axb3
17.Qxb3 Rb8 18.Qc2 h5 19.Bxd5 exd5 20.Nb2 Rb7 21.Qc3 Qb8 22.Nbd3 Rb3 23.Qc1 Qb5
24.a4 Qc4 25.Qxc4 dxc4 26.Nf4 Nb4 27.d5 Bg5 28.Rac1 Na2 29.Rc2 Nc3 30.Rdc1 Bxf4
31.Bxf4 Nxd5 32.Bd2 O-O 33.f4 d6 34.g3 Re8 35.Kg2 c3 36.Be3  0-1

[Event "Israeli League"]
[Site "Ramat Aviv ISR"]
[Date "2000.04.28"]
[Round "9"]
[White "Yudasin,L"]
[Black "Kantsler,B"]
[Result "1-0"]
[WhiteElo "2568"]
[BlackElo "2562"]

1.e4 g6 2.d4 Bg7 3.Nc3 d6 4.Be3 a6 5.f4 b5 6.Bd3 Bb7 7.Nf3 Nd7 8.Qe2 e5 9.dxe5 dxe5
10.O-O exf4 11.Bxf4 Ne7 12.a4 bxa4 13.Bc4 Nb6 14.Rad1 Qc8 15.Ng5 Nxc4 16.Qxc4 O-O
17.Bg3 Nc6 18.Nxf7  1-0

[Event "Israeli League"]
[Site "Ramat Aviv ISR"]
[Date "2000.05.05"]
[Round "10"]
[White "Yudasin,L"]
[Black "Kreizberg,M"]
[Result "1/2-1/2"]
[WhiteElo "2568"]
[BlackElo "2239"]

1.e4 d6 2.d4 Nf6 3.Nc3 g6 4.Be3 c6 5.Qd2 Ng4 6.Bg5 f6 7.Bh4 Bh6 8.f4 f5 9.Bd3 fxe4
10.Nxe4 O-O 11.Ne2 Nf6 12.Nxf6+ exf6 13.h3 Nd7 14.O-O-O Nb6 15.Kb1 Be6 16.g4 Nc4
17.Qc1 Qb6 18.Rhg1 Rae8 19.b3 d5 20.Ka1 f5 21.gxf5 Bxf5 22.Bxf5 Rxf5 23.Rde1 Nd6
24.c3 Ne4 25.Qe3 Ref8 26.Rg4 Qc7 27.Rf1 Kh8 28.Bg3 Nxg3 29.Qxg3 Qe7 30.Rf2 Qf7
31.h4 Qe7 32.Kb2 Qe4 33.Qh3 Qe6 34.Qf3 Qd6 35.Qe3 a5 36.Rf3 a4 37.b4 b6  1/2-1/2

[Event "Israeli League"]
[Site "Ramat Aviv ISR"]
[Date "2000.05.12"]
[Round "11"]
[White "Yudasin,L"]
[Black "Tsesarsky,I"]
[Result "1/2-1/2"]
[WhiteElo "2568"]
[BlackElo "2458"]

1.e4 c5 2.Nf3 Nc6 3.Bb5 e6 4.Bxc6 bxc6 5.d3 Qc7 6.e5 f6 7.Qe2 fxe5 8.Nxe5 Nf6
9.O-O Be7 10.f4 O-O 11.Nd2 d6 12.Nef3 Nd5 13.g3 h6 14.Ne4 Nf6 15.Nf2 Bd8
16.b3 Qf7 17.Bb2 Bd7 18.Nd2 Bc7 19.Nc4 Rae8 20.Ne4 Qe7 21.Ba3 Bc8 22.Nf2 Nd5
23.Bb2 Qf7 24.Rae1 Qg6 25.Kh1 Nf6 26.Qd2 Qh5 27.Kg1 Ng4 28.Nxg4 Qxg4 29.Qg2 Bd7
30.Ba3 Qh5 31.d4 e5 32.dxe5 dxe5 33.Bxc5 exf4 34.Bxf8 Rxf8 35.Qe2 Bg4 36.Qe7 Rf7
37.Qe8+ Kh7 38.gxf4 Bh3 39.Qe4+ Bf5 40.Qxc6 Bxf4 41.Qg2 Rf6 42.Ne5 Bxe5 43.Rxe5 Rg6  1/2-1/2

[Event "ch-Manhattan CC"]
[Site "New York USA"]
[Date "2000.11.04"]
[Round "2"]
[White "Yudasin,L"]
[Black "Furdzik,R"]
[Result "1/2-1/2"]
[WhiteElo "2571"]
[BlackElo "2232"]

1.e4 c6 2.d4 d5 3.e5 Bf5 4.c3 e6 5.Qb3 Qc7 6.Be3 Nd7 7.f4 Ne7 8.Nf3 Bg6 9.Be2 Nf5
10.Bf2 h5 11.g3 Be7 12.O-O c5 13.c4 dxc4 14.Qxc4 O-O 15.Rc1 Qb6 16.dxc5 Bxc5
17.Bxc5 Nxc5 18.Qb5 Nb3+ 19.Qxb6 axb6 20.Nc3 Nxc1 21.Rxc1 Rfd8 22.Kf2 Nd4
23.Nxd4 Rxd4 24.Ke3 Rad8 25.Rd1 Rxd1 26.Nxd1 f6 27.exf6 gxf6 28.Nc3 Kf7 29.a3 Ke7
30.h4 Rc8  1/2-1/2

[Event "ch-Manhattan CC"]
[Site "New York USA"]
[Date "2000.11.04"]
[Round "3"]
[White "Yudasin,L"]
[Black "Privman,B"]
[Result "1-0"]
[WhiteElo "2571"]
[BlackElo "2335"]

1.e4 e6 2.d3 d5 3.Qe2 Nf6 4.Nf3 c5 5.g3 Nc6 6.Bg2 Be7 7.O-O O-O 8.Re1 b6
9.e5 Ne8 10.c3 Ba6 11.Nbd2 Rc8 12.h4 b5 13.a3 Qb6 14.b3 c4 15.b4 cxd3 16.Qxd3 Nd8
17.Nb3 Qc6 18.Bg5 Bxg5 19.Nxg5 g6 20.Rac1 Qc4 21.Qd1 Qc7 22.Bf1 Nc6 23.Nc5 Bb7
24.Bxb5 Ng7 25.Nxb7 Qxb7 26.Qe2 Qb6 27.Ba6 Rb8 28.Nf3 f6 29.exf6 Rxf6 30.Nh2 h5
31.Bd3 Rbf8 32.Rf1 Nf5 33.Kg2 e5 34.Bc2 Kg7 35.Bb3 d4 36.Bd5 a5 37.b5 Nce7
38.Bc4 Qd6 39.Nf3 Qxa3 40.Qxe5 dxc3 41.Ng5 Qd6 42.Ne6+  1-0

[Event "National Chess Congress"]
[Site "Philadelphia USA"]
[Date "2000.11.27"]
[Round "4"]
[White "Yudasin,L"]
[Black "Vigorito,D"]
[Result "1-0"]
[WhiteElo "2571"]
[BlackElo "2314"]

1.e4 c5 2.Nf3 d6 3.Bc4 Nf6 4.d3 Nc6 5.c3 g6 6.Bb3 Bg7 7.h3 O-O 8.O-O e5 9.Nbd2 h6
10.Re1 Be6 11.Bc2 d5 12.Ba4 Nd7 13.Nf1 Rc8 14.exd5 Bxd5 15.Ne3 Nb6 16.Bc2 Qd6
17.Nxd5 Nxd5 18.Nd2 b5 19.Ne4 Qe7 20.Qf3 Kh8 21.Bb3 Nb6 22.a4 Na5 23.Bd1 f5
24.axb5 fxe4 25.Qxe4 Nb7 26.Rxa7 Rc7 27.Qxg6 Nc8 28.Ra6 Qh4 29.g3 Qd8 30.Bxh6 Bxh6
31.Qxh6+ Rh7 32.Qe3 Re8 33.Rh6 Qd7 34.Bh5 Re7 35.Bg4 Qd8 36.Bf5 Rxh6 37.Qxh6+ Kg8
38.Be6+  1-0

[Event "Open"]
[Site "Ano Liosia GRE"]
[Date "2000.12.28"]
[Round "2"]
[White "Yudasin,L"]
[Black "Georgiou,K"]
[Result "1-0"]
[WhiteElo "2571"]
[BlackElo "2135"]

1.e4 e5 2.Nf3 Nc6 3.Bc4 Bc5 4.c3 Nf6 5.b4 Bb6 6.d3 d6 7.a4 a6 8.O-O h6 9.Re1 O-O
10.Nbd2 Be6 11.Qb3 Re8 12.Ra2 Nh5 13.Bxe6 Rxe6 14.Nc4 Ba7 15.b5 Ne7 16.Kh1 Ng6
17.Rb2 axb5 18.axb5 Nh4 19.Qd1 Nxf3 20.Qxf3 Qh4 21.g3 Qh3 22.b6 Bxb6 23.Nxb6 cxb6
24.Rxb6 Rf6 25.Qe2 Ra2 26.Rb2 Ra1 27.Rxb7 Rg6 28.Qf3 Rf6 29.Qe3 Qg4 30.Rb2 Rf3
31.Qe2 Kh7 32.Be3 Rxe1+ 33.Qxe1 Qh3 34.Kg1 Nf4 35.Bxf4 exf4 36.Qe2 fxg3 37.hxg3 Rf6
38.Rb5 g6 39.c4 Qd7 40.Kg2 Kg7 41.Rd5 Qa4 42.Qe3 Qc2 43.Rb5 h5 44.Rd5 Qd1
45.Rb5 Qc2 46.Rb6 Qd1 47.Rb2 Qg4 48.f3 Qc8 49.Qd4 Qc5 50.Qxc5 dxc5 51.Kf2 g5
52.Ke3 Kg6 53.Rb8 Rc6 54.Rg8+ Kh6 55.f4 gxf4+ 56.gxf4 Kh7 57.Rg5 Kh6 58.Kf3 Rf6
59.Rd5 Rc6 60.e5 Rc8 61.Rd6+ Kh7 62.Rd7 Kg6 63.Kg3 f6 64.Rd6 Rf8 65.Rc6 Kf5
66.Rxc5 Rd8 67.exf6+ Kxf6 68.Rd5 Rg8+ 69.Kh3 Rg4 70.Rxh5 Rxf4 71.Rd5 Ke6
72.Kg3 Rf1 73.Rd4 Ke5 74.Re4+ Kd6 75.Rf4 Rd1 76.Rd4+ Ke5 77.Rd5+ Ke6 78.Kf2 Ra1
79.Ke3 Rh1 80.Kd4  1-0

[Event "Open"]
[Site "Ano Liosia GRE"]
[Date "2000.12.31"]
[Round "5"]
[White "Kasioura,F"]
[Black "Yudasin,L"]
[Result "0-1"]
[WhiteElo "2192"]
[BlackElo "2571"]

1.e4 c5 2.Nc3 Nc6 3.g3 g6 4.Bg2 Bg7 5.d3 e6 6.Be3 d6 7.Qd2 Nd4 8.Nd1 Ne7
9.c3 Ndc6 10.Ne2 Rb8 11.Bh6 O-O 12.Bxg7 Kxg7 13.Ne3 e5 14.f4 f6 15.g4 exf4
16.Nxf4 b5 17.O-O b4 18.h3 Qd7 19.Rf2 bxc3 20.bxc3 Ba6 21.Raf1 Ng8 22.Nfd5 Ne5
23.c4 Bb7 24.Nc3 Ne7 25.Ne2 Rf7 26.Nf4 N7c6 27.Ned5 Rbf8 28.Rb1 Ba8 29.Qe3 Rb8
30.Rbf1 Rbf8 31.Qg3 Nd4 32.Ne3 Kh8 33.Ned5 Bc6 34.Kh1 Qd8 35.Rb2 Qc8 36.Rbf2 Qd8
37.Rb2 Qa5 38.Rbf2 Qa3 39.g5 fxg5 40.Qxg5 Bxd5 41.exd5 Kg8 42.Be4 Nef3 43.Rxf3 Nxf3
44.Rxf3 Rxf4 45.Rg3 Qxa2 46.Rg2 Qa1+ 47.Kh2 Rf2 48.Rxf2 Rxf2+ 49.Bg2 Qf6
50.Qg4  0-1

[Event "Open"]
[Site "Ano Liosia GRE"]
[Date "2001.01.02"]
[Round "6"]
[White "Yudasin,L"]
[Black "Khamrakulov,I"]
[Result "1-0"]
[WhiteElo "2571"]
[BlackElo "2359"]

1.e4 c5 2.Nf3 e6 3.d3 Nc6 4.g3 Nge7 5.Bg2 g6 6.h4 d5 7.h5 dxe4 8.dxe4 Qxd1+
9.Kxd1 Bg7 10.Na3 O-O 11.c3 b6 12.hxg6 hxg6 13.Kc2 Ba6 14.Bg5 Rac8 15.Rad1 f6
16.Be3 Rfd8 17.Rxd8+ Rxd8 18.Bf1 Bb7 19.Kc1 Na5 20.Nd2 Nf5 21.Nc2 a6 22.Bh3 Kf7
23.Bxf5 gxf5 24.b4 Nc6 25.bxc5 bxc5 26.exf5 Ne5 27.fxe6+ Kxe6 28.Rh7 Nd3+
29.Kd1 Rd7 30.Ne1 Nb2+ 31.Kc2 Nc4 32.Nd3 Nxe3+ 33.fxe3 Kd6 34.Nc4+ Kc6 35.Na5+ Kb6
36.Nxb7 Rxb7 37.Nf4 f5 38.Ne6 Be5 39.Rxb7+ Kxb7 40.e4 fxe4 41.Nxc5+ Kc6 42.Nxe4 Kd5
43.Kd3 Bg7 44.c4+  1-0

[Event "Open"]
[Site "Ano Liosia GRE"]
[Date "2001.01.03"]
[Round "7"]
[White "Vysochin,S"]
[Black "Yudasin,L"]
[Result "0-1"]
[WhiteElo "2511"]
[BlackElo "2571"]

1.e4 c6 2.d4 d5 3.exd5 cxd5 4.c4 Nf6 5.Nc3 e6 6.Nf3 Bb4 7.cxd5 Nxd5 8.Bd2 Nc6
9.Bd3 Nf6 10.O-O O-O 11.Qe2 Be7 12.Rfd1 Nb4 13.Bc4 b6 14.Bg5 Bb7 15.Ne5 Nfd5
16.Nxd5 Nxd5 17.Bd2 Bg5 18.Bd3 Bxd2 19.Qxd2 Qh4 20.g3 Qe7 21.Be4 Nf6 22.Bxb7 Qxb7
23.Rac1 Rac8 24.Rxc8 Rxc8 25.Rc1 Nd5 26.Rxc8+ Qxc8 27.Qe2 f6 28.Nc4 Nb4 29.a4 h6
30.b3 Nc6 31.Nd6 Qd7 32.Nb5 a6 33.Nc3 Nxd4 34.Qxa6 Qc6 35.Qc4 Qxc4 36.bxc4 Nb3
37.Nb5 Kf8 38.f4 Ke7 39.Kf2 Nd2 40.Na3 Ne4+ 41.Ke3 Nc5 42.a5 bxa5 43.Kd4 Nb7
44.f5 exf5 45.Kd5 Kd7 46.c5 Nd8 47.Nc4 Nc6 48.Nb6+ Kc7 49.Kc4 Na7 50.h4 g5
51.Nd5+ Kd7 52.Nxf6+ Ke6 53.hxg5 hxg5 54.Nh7 g4 55.Nf8+ Kf7 56.Nd7 a4 57.Ne5+ Ke6
58.Nd3 Nc6 59.Nf4+ Ke5 60.Ne2 a3 61.Nc3 f4 62.gxf4+ Kxf4 63.Kb3 Kf3 64.Nb1 g3
65.Nd2+ Ke2  0-1

[Event "Millennium II Open"]
[Site "Virginia Beach USA"]
[Date "2001.03.04"]
[Round "4"]
[White "Yudasin,L"]
[Black "Perelshteyn,E"]
[Result "1-0"]
[WhiteElo "2568"]
[BlackElo "2436"]

1.e4 c5 2.Nf3 g6 3.c3 Bg7 4.d4 cxd4 5.cxd4 d5 6.e5 Nc6 7.h3 f6 8.Bb5 Nh6
9.Nc3 Nf7 10.exf6 exf6 11.Qe2+ Kf8 12.O-O a6 13.Bxc6 bxc6 14.Na4 Kg8 15.Bf4 Bf8
16.Rac1 Bd7 17.Nc5 Bxc5 18.Rxc5 Kg7 19.Ne1 Re8 20.Qd2 Qb6 21.Nd3 Nd8 22.Be3 Bf5
23.Rc3 Bxd3 24.Rxd3 Rb8 25.Rb3 Qa7 26.Ra3 Rb5 27.Rc1 Qb7 28.Rc2 Kf7 29.Rac3 Re6
30.f3 Kg7 31.Bh6+ Kf7 32.Bf4 Ra5 33.Rb3 Rb5 34.Ra3 Ke8 35.Bg3 Nf7 36.Re3 Qe7
37.Rxe6 Qxe6 38.Qd3 Kf8 39.Qa3+ c5 40.dxc5 Qc6 41.Qc3 Rb7 42.Re2 Re7 43.Bd6 Qxd6
44.cxd6 Rxe2 45.Qxf6 Re8 46.d7 Rd8 47.Qe6  1-0

[Event "Smartchess.com Int"]
[Site "New York USA"]
[Date "2001.06.04"]
[Round "1"]
[White "Yudasin,L"]
[Black "Simutowe,A"]
[Result "1/2-1/2"]
[WhiteElo "2568"]
[BlackElo "2470"]

1.e4 c5 2.Nf3 e6 3.b3 d5 4.exd5 Qxd5 5.Bb2 Nf6 6.Nc3 Qd8 7.Bb5+ Bd7 8.Qe2 Be7
9.Ne5 O-O 10.Nxd7 Nbxd7 11.O-O a6 12.Bd3 Qc7 13.Rfe1 Rac8 14.Ne4 Rfd8 15.Ng5 Nf8
16.Qf3 h6 17.Ne4 Nd5 18.a3 Nh7 19.Rad1 f5 20.Qg3 Qxg3 21.Nxg3 Kf7 22.Bxg7 Kxg7
23.Rxe6 Nhf6 24.c4 Nf4 25.Rxe7+ Kf8 26.Nxf5 Nxd3 27.Rxb7 Rc6 28.Nxh6 Ne4
29.Ng4 Re6 30.h3 Nf4 31.Re1 Rxd2 32.b4 Nd3 33.Re3 Rd1+ 34.Kh2 Nd2 35.Rxe6 Nf1+
36.Kg1 Nd2+ 37.Kh2 Nf1+  1/2-1/2

[Event "Smartchess.com Int"]
[Site "New York USA"]
[Date "2001.06.05"]
[Round "2"]
[White "Shahade,G"]
[Black "Yudasin,L"]
[Result "1-0"]
[WhiteElo "2458"]
[BlackElo "2568"]

1.e4 c5 2.Nf3 d6 3.d4 cxd4 4.Nxd4 Nf6 5.Nc3 a6 6.Be3 Ng4 7.Bc1 Nf6 8.Be3 e5
9.Nb3 Be7 10.f3 Be6 11.Qd2 Nbd7 12.g4 O-O 13.O-O-O Nb6 14.h4 Rc8 15.Kb1 Qc7
16.h5 Nfd7 17.g5 Nc4 18.Bxc4 Qxc4 19.Rdg1 f5 20.g6 f4 21.h6 gxh6 22.gxh7+ Kf7
23.Bf2 Rh8 24.Rxh6 Bf8 25.Na5 Qb4 26.Rxe6 Qxa5 27.Rxd6 Bxd6 28.Qxd6 Nf6 29.Bb6 Rc6
30.Qxc6  1-0

[Event "Smartchess.com Int"]
[Site "New York USA"]
[Date "2001.06.06"]
[Round "3"]
[White "Yudasin,L"]
[Black "Bonin,J"]
[Result "1-0"]
[WhiteElo "2568"]
[BlackElo "2381"]

1.e4 c5 2.Nf3 Nc6 3.Bb5 e6 4.Bxc6 bxc6 5.d3 d6 6.O-O e5 7.c3 Ne7 8.d4 cxd4
9.cxd4 Ng6 10.dxe5 dxe5 11.Qc2 Qc7 12.Be3 Bd6 13.Rc1 Bd7 14.Nc3 O-O 15.Qd3 Rfd8
16.Nb5 cxb5 17.Rxc7 Bxc7 18.Rc1 Be8 19.Qb3 Bd6 20.g3 h6 21.h4 Ne7 22.Bc5 Nc6
23.Bxd6 Rxd6 24.Kg2 a6 25.Rd1 Rxd1 26.Qxd1 Rd8 27.Qb3 b4 28.g4 a5 29.Qc4 Kh7
30.Qc5 f6 31.g5 Kg8 32.gxf6 gxf6 33.h5 Rd7 34.Qc4+ Kh7 35.Ng5+ fxg5 36.Qxc6 Re7
37.Qf6 Rg7 38.Qf5+ Kg8 39.Qxe5 Bxh5 40.Qxa5 Rf7 41.Qxb4 Bf3+ 42.Kg3 h5 43.Qb5 h4+
44.Kh3 Rg7 45.a4 g4+ 46.Kxh4 g3 47.Qe8+ Kh7 48.fxg3  1-0

[Event "Smartchess.com Int"]
[Site "New York USA"]
[Date "2001.06.11"]
[Round "7"]
[White "Yudasin,L"]
[Black "Ippolito,D"]
[Result "1/2-1/2"]
[WhiteElo "2568"]
[BlackElo "2385"]

1.e4 e5 2.Nf3 Nc6 3.Nc3 Nf6 4.g3 d5 5.exd5 Nxd5 6.Bg2 Nxc3 7.bxc3 Bc5 8.O-O O-O
9.d3 Bg4 10.h3 Bh5 11.Qe1 Re8 12.Nd2 Rb8 13.a4 f5 14.a5 a6 15.Nb3 Be7 16.Bxc6 bxc6
17.Qxe5 Bb4 18.Qxf5 Rb5 19.Qf4 Bd6 20.Qc4+ Bf7 21.Qh4 Qxh4 22.gxh4 Re6 23.Nd4 Rg6+
24.Bg5 h6 25.Nxb5 cxb5 26.f4 hxg5 27.hxg5 Re6 28.Rae1 Rxe1 29.Rxe1 Bxf4 30.h4 Bd2
31.Re7 Bxc3 32.Rxc7 Bxa5 33.Rc6 Bh5 34.Kf2 Bd1 35.c4 bxc4 36.dxc4 Bb3 37.Rxa6 Bb4
38.Rc6 Kf7 39.Ke3 Be1 40.h5 Bh4 41.Rc7+ Kf8 42.Kf4 Be1 43.Kf5 Bd1 44.h6 Bc2+
45.Ke6 gxh6 46.gxh6 Kg8 47.Rg7+ Kh8 48.c5 Be4 49.Ke5 Bf3 50.Rf7 Bg2 51.Kf5 Bf2
52.Rc7 Bxc5 53.Rxc5 Kh7 54.Kg5 Be4 55.Rc4 Bd3 56.Rb4 Bc2 57.Kf6 Bd3 58.Rb7+ Kh8
59.Kg5 Bc2 60.Kf6 Bd3 61.h7 Bxh7 62.Rb8+ Bg8 63.Rb2 Bh7 64.Rb4 Bg8 65.Rg4 Bh7
66.Kf7 Bc2 67.Rg3 Bh7 68.Rg2 Bd3  1/2-1/2

[Event "Smartchess.com Int"]
[Site "New York USA"]
[Date "2001.06.12"]
[Round "8"]
[White "Sarkar,J"]
[Black "Yudasin,L"]
[Result "0-1"]
[WhiteElo "2406"]
[BlackElo "2568"]

1.e4 c5 2.Nf3 e6 3.d4 cxd4 4.Nxd4 a6 5.Bd3 Bc5 6.Nb3 Ba7 7.Qe2 Nc6 8.Be3 Nge7
9.f4 b5 10.a3 O-O 11.O-O d6 12.Kh1 Bxe3 13.Qxe3 b4 14.axb4 Nxb4 15.f5 Rb8
16.f6 Ng6 17.fxg7 Kxg7 18.Rf3 f6 19.Rg3 Kh8 20.Nc3 Qe8 21.Rf1 Ne5 22.Qh6 Qe7
23.Nd4 Bd7 24.Nce2 Nbxd3 25.cxd3 f5 26.exf5 exf5 27.Nf4 Qf6 28.Qxf6+ Rxf6
29.b4 Rf7 30.Nd5 f4 31.Rxf4 Rxb4 32.Ne2 Rb1+ 33.Ng1 Rxf4 34.Nxf4 Rd1 35.h3 a5
36.Kh2 a4 37.d4 Rxd4 38.Nge2 Re4 39.Rc3 Nc4 40.Kg3 a3 41.Nc1 Kg7 42.Rd3 Bc6
43.Rd4 Kf6 44.Nd5+ Bxd5 45.Rxd5 Re3+ 46.Kf4 Rc3 47.Rd1 Rc2 48.g4 a2 49.Nb3 Rb2
50.g5+ Kg6  0-1

[Event "Mayor's Cup"]
[Site "New York USA"]
[Date "2001.06.19"]
[Round "2"]
[White "Yudasin,L"]
[Black "Shahade,G"]
[Result "1-0"]
[WhiteElo "2568"]
[BlackElo "2458"]

1.e4 c5 2.Nf3 d6 3.Bc4 Nf6 4.d3 e6 5.Bb3 Nc6 6.c3 Be7 7.O-O O-O 8.Re1 b5
9.a3 Bb7 10.Bg5 Rc8 11.Nbd2 Qb6 12.h3 Rfe8 13.Qe2 Ne5 14.Nxe5 dxe5 15.a4 a6
16.Bc2 Bc6 17.Be3 Qc7 18.Ra2 Nd7 19.Rea1 Ra8 20.Nb3 Rab8 21.axb5 axb5 22.f3 Rec8
23.Qf2 c4 24.dxc4 bxc4 25.Nd2 Bb5 26.Ra7 Qc6 27.Bd1 Bc5 28.R7a5 Ra8 29.Nxc4 Bxc4
30.Rxa8 Rxa8 31.Rxa8+ Qxa8 32.Bxc5 Qa1 33.Qd2 Bb3 34.Qxd7 Qxd1+ 35.Qxd1 Bxd1
36.Kf2 Bb3 37.Ke3 Bc4 38.g3 f6 39.h4 Kf7 40.f4 exf4+ 41.Kd4 Bb3 42.gxf4 Ke8
43.c4 Kd7 44.Bf8 g6 45.Bg7 f5 46.e5 Kc6 47.Kc3 Bd1 48.b4 Bf3 49.b5+ Kb7 50.c5 Kc7
51.Kb4  1-0

[Event "Mayor's Cup"]
[Site "New York USA"]
[Date "2001.06.20"]
[Round "3"]
[White "Gruenfeld,Y"]
[Black "Yudasin,L"]
[Result "1-0"]
[WhiteElo "2520"]
[BlackElo "2568"]

1.e4 c5 2.Nf3 e6 3.d4 cxd4 4.Nxd4 a6 5.Bd3 g6 6.c4 Bg7 7.Nb3 d6 8.O-O Qc7
9.Nc3 Nd7 10.Be2 b6 11.Bf4 Ne5 12.Rc1 Bb7 13.Nd4 Ne7 14.b3 O-O 15.Qd2 Rfe8
16.Rfd1 Rad8 17.Bh6 Bxh6 18.Qxh6 N7c6 19.Qe3 Nxd4 20.Qxd4 Nc6 21.Qe3 Ne7
22.Na4 Nc8 23.h4 Bc6 24.Nc3 Qe7 25.h5 Qf6 26.Rc2 Rd7 27.Rcd2 Red8 28.b4 g5
29.g3 h6 30.Bf1 Qe5 31.f4 Qg7 32.Bg2 gxf4 33.gxf4 Kf8 34.a4 a5 35.b5 Bb7
36.Rf1 Rc7 37.Qd3 Qg4 38.f5 exf5 39.Rxf5 Ne7 40.Rf6 Qxh5 41.Rdf2 Nc8 42.R2f5 Qh4
43.Qe3 Kg7 44.Qf3 Rdd7 45.Rf4 Qg5 46.R4f5 Qc1+ 47.Kh2 Kf8 48.Qh5 Re7 49.Rf4 Ke8
50.Qxh6 Kd8 51.Qh8+ Re8 52.Qh4 Rce7 53.Nd5 Bxd5 54.cxd5 Qa1 55.Rxf7 Kc7 56.Bh3 Qxa4
57.Rxe7+ Nxe7 58.Rf7 Qc2+ 59.Bg2 Kd7 60.Qf6 Qc7 61.e5 dxe5 62.d6 Qxd6 63.Bc6+ Kc7
64.Qxd6+ Kxd6 65.Bxe8 Nd5 66.Ra7 Kc5 67.Kg2 Kb4 68.Kf3 a4 69.Bf7 Nc3 70.Ke3 Kxb5
71.Kd3 Kb4 72.Rc7 e4+ 73.Kd2 Nb1+ 74.Kc2 Na3+ 75.Kd2 Nb1+ 76.Kc1 Na3 77.Re7 b5
78.Rxe4+ Kc3 79.Re3+ Kb4 80.Kb2 Nc4+ 81.Bxc4 Kxc4 82.Ka3  1-0

[Event "Mayor's Cup"]
[Site "New York USA"]
[Date "2001.06.24"]
[Round "7"]
[White "Blatny,P"]
[Black "Yudasin,L"]
[Result "1/2-1/2"]
[WhiteElo "2547"]
[BlackElo "2568"]

1.b3 c5 2.Bb2 Nf6 3.e3 b6 4.f4 Bb7 5.Nf3 g6 6.g3 Bg7 7.Bg2 O-O 8.O-O d5 9.Qe2 Nc6
10.Ne5 Qc7 11.Nxc6 Bxc6 12.d3 Rad8 13.Be5 Qb7 14.Nd2 Rfe8 15.Nf3 Bh6 16.Bb2 Nd7
17.f5 e5 18.fxg6 fxg6 19.Nh4 Nf8 20.e4 d4 21.Bc1 Qg7 22.Bh3 Bxc1 23.Raxc1 Re7
24.Rf2 Rf7 25.Rxf7 Qxf7 26.Rf1 Qe7 27.Qg4 Kh8 28.Nf3 Bd7 29.Qg5 Qxg5 30.Nxg5 Bxh3
31.Nxh3 Kg7 32.Ng5 Rd7 33.a4 Re7 34.Nf3 Nd7 35.Nd2 Nb8 36.Nc4 Re6 37.Rf2 Nc6
38.Kf1 Rf6  1/2-1/2

[Event "29th World Open"]
[Site "Philadelphia USA"]
[Date "2001.07.08"]
[Round "8"]
[White "Gruenfeld,Y"]
[Black "Yudasin,L"]
[Result "1/2-1/2"]
[WhiteElo "2520"]
[BlackElo "2568"]

1.e4 e6 2.d4 d5 3.Nc3 dxe4 4.Nxe4 Nd7 5.Nf3 Be7 6.Bd3 Ngf6 7.Qe2 Nxe4 8.Qxe4 c5
9.O-O cxd4 10.Rd1 Nc5 11.Bb5+ Bd7 12.Bxd7+ Qxd7 13.Qe5 f6 14.Qxd4 O-O-O 15.Qxd7+ Rxd7
16.Rxd7 Kxd7 17.Be3 e5 18.Rd1+ Ke6 19.Ne1 b5 20.Nd3 Nxd3 21.Rxd3 Rc8 22.Rd2 a5
23.a3 f5 24.Kf1 a4 25.f3 h5 26.h3 Rc4 27.Ke2 g5 28.Kd3 Bf6 29.c3 g4 30.hxg4 hxg4
31.Kc2 Be7 32.Re2 Bd6 33.Bd4 Kf6 34.Bb6 Rf4 35.Rf2 gxf3 36.gxf3 Ke6 37.Be3 Rh4
38.b3 f4 39.Bc1 Bc5 40.Re2 axb3+ 41.Kxb3 Kf5 42.Re1 Rh2 43.Rf1 Be3 44.Bb2 e4
45.fxe4+ Kxe4 46.Bc1 f3 47.Bxe3 Kxe3 48.c4 Rf2 49.Rh1 bxc4+ 50.Kxc4 Rg2 51.a4 f2
52.Rf1 Ke2 53.Rxf2+ Kxf2 54.a5 Ke3 55.a6 Ke4 56.Kb5 Kd5 57.a7 Ra2 58.Kb6 Kd6
59.Kb7 Rb2+ 60.Kc8  1/2-1/2

[Event "US Open"]
[Site "Framingham USA"]
[Date "2001.08.09"]
[Round "6"]
[White "Yudasin,L"]
[Black "Kelleher,W"]
[Result "1-0"]
[WhiteElo "2562"]
[BlackElo "2393"]

1.e4 c5 2.Nf3 d6 3.Bc4 e6 4.O-O Nf6 5.d3 Be7 6.Bb3 Nc6 7.c3 d5 8.e5 Nd7 9.d4 Qb6
10.Re1 O-O 11.Bc2 cxd4 12.cxd4 f6 13.exf6 Nxf6 14.Nc3 Bd7 15.Rb1 Bd6 16.h3 Rae8
17.Be3 Re7 18.Ne5 Be8 19.a3 a6 20.f4 Qc7 21.Rc1 Bxe5 22.fxe5 Nh5 23.Qd2 Bg6
24.Bxg6 hxg6 25.Ne2  1-0

[Event "US Open"]
[Site "Framingham USA"]
[Date "2001.08.11"]
[Round "8"]
[White "Yudasin,L"]
[Black "Foygel,I"]
[Result "1/2-1/2"]
[WhiteElo "2562"]
[BlackElo "2462"]

1.e4 c5 2.Nf3 d6 3.Bc4 Nf6 4.d3 Nc6 5.c3 g6 6.Bb3 Bg7 7.O-O O-O 8.Re1 Bg4
9.h3 Bxf3 10.Qxf3 b5 11.Be3 Nd7 12.Nd2 Rb8 13.Rac1 Na5 14.d4 b4 15.Qe2 bxc3
16.bxc3 Qc7 17.Rb1 Rfc8 18.Ba4 Rxb1 19.Rxb1 Nb6 20.Bd1 cxd4 21.cxd4 d5 22.Rb5 Nc6
23.e5 e6 24.h4 Qe7 25.h5 Qa3 26.hxg6 hxg6 27.Nb1 Qf8 28.Bb3 Qd8 29.Nd2 Bf8
30.Bd1 Nc4 31.Nxc4 dxc4 32.Qxc4 Nxe5 33.Qf1  1/2-1/2